000
00308nam a2200145 4500
020
_a
0-451-16869-0
082
_a
813.54
100
_a
Peter Straub
245
_a
Mystery
260
_a
America
_b
Signet Book
_c
1990
300
_a
545p.
_e
18cm.
650
_a
Fiction
700
_a
Straub, Peter
942
_c
BK
999
_c
12293
_d
12293